Al-Qaeda's armies Middle East affiliate groups& the next generation of terror (Registro nro. 91075)

Detalles MARC
000 -ENCABEZADO
Número de control [NR] 01491nam a22002417a 4500
008 - DE LONGITUD FIJA DE DATOS DE ELEMENTOS - INFORMACIÓN GENERAL
Elementos de longitud fija [NR] 130821s2005 xx gr eng
020 ## - NUMERO INTERNACIONAL NORMALIZADO PARA LIBROS [R]
Número Internacional Normalizado del libro [NR] 156171884X
040 ## - FUENTE DE CATALOGACION [NR]
Agencia de catalogación original [NR] Co-BoUCM
Idioma de catalogación [NR] spa
041 00 - CODIGO DE IDIOMA [R]
Código de idioma para texto/pista de sonido o título separado [R] Inglés
100 1# - ASIENTO PRINCIPAL--NOMBRE PERSONAL [NR]
Nombre personal [NR] Schanzer, Jonathan.
ID Autoridad 171598
245 10 - MENCION DE TITULO [NR]
Título [NR] Al-Qaeda's armies Middle East affiliate groups& the next generation of terror
Mención de responsabilidad, etc. [NR] Jonathan Schanzer , Dennis Ross.
260 ## - PUBLICACION, DISTRIBUCION, ETC. (PIE DE IMPRENTA) [R]
Lugar de publicación, distribución, etc. [R] New York Washington, D.C.
Nombre del editor, distribuidor, etc. [R] Specialist Press International Washington Institute for Near East Policy
Fecha de publicación, distribución, etc. [R] c2005
300 ## - DESCRIPCION FISICA [R]
Extensión [R] 222 páginas
504 ## - NOTA DE BIBLIOGRAFIA, ETC. [R]
Nota de bibliografía, etc. [NR]
505 0# - NOTA DE CONTENIDO CON FORMATO PREESTABLECIDO [R]
Nota de contenido con formato preestablecido [NR] Al-Qaeda evolves -- Learning from upper Egypt -- Lebanon -- Yemen -- Algeria -- Northern Iraq -- Implications -- Appendix A. Al-Qaeda's Middle East affiliate groups, as described in the U.S. State Department's "Patterns of global terrorism 2003" -- Appendix B. Al-Qaeda's Middle East affiliate groups, as listed in Executive Order 13224 on September 23, 2001, and subsequent additional designations -- Appendix C. Testimony of George J. Tenet, former Director of Central Intelligence, before the Senate Select Committee on Intelligence, discussing al-Qaeda, the affiliate phenomenon, and "stateless zones.
610 20 - ASIENTO SECUNDARIO DE MATERIA - NOMBRE CORPORATIVO [R]
Nombre corporativo o nombre de la jurisdicción como elemento de entrada [NR] Qaida
9 (RLIN) 4596
650 04 - ASIENTO SECUNDARIO DE MATERIA - TERMINO TEMATICO [R]
Término temático o nombre geográfico como elemento de entrada [NR] Administración pública
9 (RLIN) 355
650 04 - ASIENTO SECUNDARIO DE MATERIA - TERMINO TEMATICO [R]
Término temático o nombre geográfico como elemento de entrada [NR] Terrorismo
9 (RLIN) 25425
650 04 - ASIENTO SECUNDARIO DE MATERIA - TERMINO TEMATICO [R]
Término temático o nombre geográfico como elemento de entrada [NR] Terrorismo
Subdivisión geográfica [R] Medio Oeste
9 (RLIN) 25425
700 1# - ASIENTO SECUNDARIO - NOMBRE PERSONAL [R]
Nombre personal [NR] Ross, Dennis.
9 (RLIN) 171599
942 ## - ELEMENTOS DE ENTRADA AGREGADOS (KOHA)
Tipo de ítem principal el descrito en 300a Libro
Tema principal Administración
Edición 1
Parte restante de la signatura top. S299
Sistema de clasificación DEWEY
Clasificación 363.32512
Existencias
Fecha de último préstamo Total préstamos Total Renewals Signatura topográfica Código de barras Última vez visto Ejemplar Price effective from Tipo de ítem Perdido Sistema de clasificación Dañado No prestable Tipo de ítem específico Suprimido Ubicación habitual Ubicación actual Localización Fecha de creación Forma de adquisición Costo
13/11/2015 16 4 363.32512 S299 100085805 09/12/2025 Ej.1 03/02/2013 Libro   DEWEY     Libro   Claustro Claustro 2do piso 19/02/2013 Compra 44.00